FAO forestry paper N.89 Review of forest management systems of tropical Asia: case studies of national forest management for timber production in India, Malaysia and the Philippines

Guardat en:
Dades bibliogràfiques
Autor principal: FAO
Format: Llibre
Idioma:Undetermined
Publicat: Rome FAO 1981
Matèries:
Etiquetes: Afegir etiqueta
Sense etiquetes, Sigues el primer a etiquetar aquest registre!
Thư viện lưu trữ: Trung tâm Học liệu Trường Đại học Cần Thơ
LEADER 00633nam a2200193Ia 4500
001 CTU_3944
008 210402s9999 xx 000 0 und d
082 |a 634 
082 |b F686/N.89 
100 |a FAO 
245 0 |a FAO forestry paper N.89 
245 0 |b Review of forest management systems of tropical Asia: case studies of national forest management for timber production in India, Malaysia and the Philippines 
245 0 |c FAO 
260 |a Rome 
260 |b FAO 
260 |c 1981 
650 |a forests and forestry 
904 |i Nguyễn Quang Điền, 960530 
980 |a Trung tâm Học liệu Trường Đại học Cần Thơ